000 00506 a2200181 4500
003 OSt
005 20240207155756.0
008 240207b |||||||| |||| 00| 0 eng d
020 _a9789383756834
040 _coclc
082 _a894.8125
_bSAT/S
100 _aSathyan, P P
_91784
245 _aSambhashanangal /
_c P. P Sathyan
250 _a1st ed.
260 _aKozhikode:
_bOlive Publications,
_c2015.
300 _a89p.
942 _2ddc
_cBK
_h894.8125
_iSAT/S
_k894.8125
_mSAT/S
999 _c44373
_d44373